000 00467nam a22001817a 4500
005 20200517113645.0
008 200517b xxu||||| |||| 00| 0 eng d
020 _a9788123918082
041 _aeng
082 _a615.103 JAR
100 _aJARALA E EDWIN
_95375
245 _aDictionary of Pharmacy
_bE Edwin Jarala
250 _a1'st
260 _aNew Delhi
_bC.B S Publishers and Distributors
_c2020
300 _a243 vii
650 _aPHARMACY
_95376
942 _cBK
999 _c6202
_d6200